00637nam 2200169 45000010005000001000041000051010008000462000210000542100044002642150010003083000022003186060026003406060031003666070011003977100039004088010020004476083 a20190729k u||y0frey50 ba afre aSuperphénixbBrochureele dossierfLes Européens contre Superphénixgcoord. par Perline, réd. par Bliliane Battais, Philippe Brochet, Serge Defaye, Philippe Lebreton, Pierre Radanne, Monique Sené fLoriol (Drôme)gAtelier 26h1994 mars a42 p. aBibliogr. Lexique aNucléaire (Energie) aCentrale de Creys-Malville aFrance aLes Européens contre Superphenix aCHbCH-002049-8